000
00327nam a2200145Ia 4500
008
221030s9999 xx 000 0 und d
041
_a
English
082
_a
105.6
100
_a
Anupama Goyal/190
245
0
_a
Online Crime Management
250
_a
2009
260
_a
Infoworld Noida
_c
2009
650
_a
MCA
942
_c
TH
999
_c
13856
_d
13856